Catálogo
 En Linea

Reseña geográfica, histórica y estadística de la República Dominicana. / (Registro nro. 26792)

Detalles MARC
000 -CABECERA
campo de control de longitud fija 00538nam a2200145 a 4500
001 - NÚMERO DE CONTROL
campo de control 000027300
005 - FECHA Y HORA DE LA ÚLTIMA TRANSACCIÓN
campo de control 20200930030733.0
008 - DATOS DE LONGITUD FIJA--INFORMACIÓN GENERAL
campo de control de longitud fija 110331s1948 dr ab 000 0 spa d
040 ## - FUENTE DE LA CATALOGACIÓN
Centro catalogador/agencia de origen DO-SdBNP
Lengua de catalogación spa
Centro/agencia transcriptor BNPHU
082 ## - NÚMERO DE LA CLASIFICACIÓN DECIMAL DEWEY
Número de clasificación xxx
Número de documento/Ítem T649r
100 1# - ENTRADA PRINCIPAL--NOMBRE DE PERSONA
Nombre de persona Tolentino Rojas, Vicente
9 (RLIN) 54375
245 10 - MENCIÓN DE TÍTULO
Título Reseña geográfica, histórica y estadística de la República Dominicana. /
Mención de responsabilidad, etc. Vicente Tolentino Rojas.
260 ## - PUBLICACIÓN, DISTRIBUCIÓN, ETC.
Lugar de publicación, distribución, etc. Ciudad Trujillo, República Dominicana, :
Nombre del editor, distribuidor, etc. Dirección General de Estadística,
Fecha de publicación, distribución, etc. 1948.
300 ## - DESCRIPCIÓN FÍSICA
Extensión 86 p. :
Otras características físicas il., map. ;
Dimensiones 20 cm.
Existencias
Estado de retiro Estado de pérdida No para préstamo Código de colección Localización permanente Ubicación/localización actual Ubicación en estantería Fecha de adquisición Número de inventario Total de préstamos Signatura topográfica completa Código de barras Fecha visto por última vez Número de copia Precio válido a partir de Tipo de ítem Koha Restricciones de uso
    Excluido de préstamo Patrimonio Dominicano Patrimonio Dominicano Patrimonio Dominicano En catalogación 24.05.2019 LF1   xxx T649r 27300-20 25.06.2020 e. 2 25.06.2020 Libro y Folleto Colección Patrimonio Dominicano  
    Excluido de préstamo Raros y valiosos Patrimonio Dominicano Patrimonio Dominicano En catalogación 31.03.2011 LF1   xxx T649r 27300-10 25.06.2020   25.06.2020 No se presta  

Con tecnología Koha